Normal view
MARC view
- MENSURATION.MECHANICAL MEASUREMENT
Entry Topical Term
001 - CONTROL NUMBER
- control field: 60447
003 - CONTROL NUMBER IDENTIFIER
- control field: NUST
005 - DATE AND TIME OF LATEST TRANSACTION
- control field: 20210628202541.0
008 - FIXED-LENGTH DATA ELEMENTS
- fixed length control field: 210628|| aca||aabn | a|a d
040 ## - CATALOGING SOURCE
- Original cataloging agency: NUST
- Transcribing agency: NUST
150 ## - HEADING--TOPICAL TERM
- Topical term or geographic name entry element: MENSURATION.MECHANICAL MEASUREMENT
670 ## - SOURCE DATA FOUND
- Source citation: Work cat.: (NUST): Figliola, Richard.S ,Beasley, Donald.E 60446, Theory and design for mechanical measurement, 2004
